000 00583nam a2200205Ia 4500
005 20250508165534.0
008 008 250505s9999 xx 000 0 eng d
020 _a978-81-7541-441-9
037 _aReference
040 _aFEDL
_beng
_cFEDL
041 _aeng
_2eng
084 _a371.39, AGA/RR
_qFEDL
100 _aAgrawal Rashmi
245 0 _aEducational technology management and evaluation
260 _aDelhi, India
_bShipra Publications
_c2010
300 _ax, 438p.
365 _aINR
_b950
942 _cREF
_h371.39, AGA/RR
999 _c1395735
_d1395735